000 00761nac a22002297a 4500
001 BR7575112
003 BR-BrBNA
005 20240105113905.0
008 230509b bl.|||m| |||| 00| 0 por d
040 _aBR-BrBNA
_bpor
_cBiblioteca Nacional de Agricultura
072 _aF23
090 _aF23 BR7575112
110 1 _aInstituto Geografico e Geologico, Sao Paulo, SP (Brasil)
_96367
245 1 _aRelatorio 1974 [Instituto Geografico e Geologico, Brasil]
_bResumo das atividades
260 3 _aSao Paulo, SP (Brasil):
_c1975.
300 _a23 p.
490 _aRelatorio - Instituto Geografico e Geologico (Brazil)
_v
_x
650 _aCLASSIFICACAO DO SOLO
650 _aGEOLOGIA
909 _a202312
_bLúcia Elande
_c55
_dLúcia Elande
942 _2AGRIS
_n0
_cMS
999 _c266181
_d266181